Statistics for Classic British Novels

Click here to take the quiz!

General Stats

  • This quiz has been taken 785 times
  • The average score is 15 of 20

Answer Stats

Answer% Correct
Pride and PrejudiceJane Austen
96%
Harry Potter and the Philosopher’s StoneJ. K. Rowling
96%
Great ExpectationsCharles Dickens
94%
Jane EyreCharlotte Bronte
93%
Wuthering HeightsEmily Bronte
93%
Animal FarmGeorge Orwell
90%
FrankensteinMary Shelley
90%
Murder on the Orient ExpressAgatha Christie
89%
Lord of the RingsJ.R. Tolkien
89%
Charlie and the Chocolate FactoryRoald Dahl
86%
The Lion, the Witch, and the WardrobeC.S. Lewis
83%
Alice in WonderlandLewis Carroll
79%
The Jungle BookRudyard Kipling
79%
The Adventures of Sherlock HolmesArthur Conan Doyle
78%
Robinson CrusoeDaniel Defoe
63%
Lord of the FliesWilliam Golding
57%
Mrs. DallowayVirginia Woolf
51%
The Mayor of CasterbridgeThomas Hardy
42%
Passage to IndiaE.M. Forster
40%
Silas MarnerGeorge Eliot
37%

Score Distribution

Percentile by Number Answered

Percent of People with Each Score

Your Score History

You have not taken this quiz